[Event "XVII Festival A"]
[Site "Cesenatico ITA"]
[Date "2013.08.31"]
[Round "1"]
[White "Bossi, Alessandro"]
[Black "Cebalo, Miso"]
[WhiteElo "2017"]
[BlackElo "2440"]
[Result "0-1"]
[PlyCount "48"]
[EventDate "2013.08.31"]

1. c4 e5 2. g3 Nc6 3. Bg2 Bc5 4. e3 d6 5. Ne2 a6 6. Nbc3 Ba7 7. d4 f6 8. d5
Nce7 9. b4 h5 10. h4 Nh6 11. Qc2 f5 12. Bd2 Ng4 13. Bh3 O-O 14. Bxg4 fxg4 15.
O-O c6 16. Kg2 cxd5 17. Nxd5 Nxd5 18. cxd5 Qf6 19. Nc3 Qf3+ 20. Kh2 Bf5 21. Qd1
Bd3 22. Qxf3 Rxf3 23. Kg2 Bxf1+ 24. Rxf1 Rc8 0-1

[Event "XVII Festival A"]
[Site "Cesenatico ITA"]
[Date "2013.08.31"]
[Round "1"]
[White "Gollasch, Theo-Heinz"]
[Black "Stella, Andrea"]
[WhiteElo "2023"]
[BlackElo "2447"]
[Result "0-1"]
[PlyCount "82"]
[EventDate "2013.08.31"]

1. Nf3 c5 2. g3 g6 3. Bg2 Bg7 4. c4 Nc6 5. Nc3 d6 6. O-O e6 7. d3 Nge7 8. e4
O-O 9. Qe2 a6 10. Be3 Rb8 11. Rac1 b5 12. b3 Qa5 13. Qd2 b4 14. Ne2 e5 15. Nh4
Nd4 16. Bxd4 cxd4 17. Rc2 Bd7 18. f4 Bh6 19. Qe1 Qc5 20. Kh1 f6 21. Ng1 Kg7 22.
Rcf2 a5 23. Bh3 Bc6 24. Be6 a4 25. f5 Ra8 26. g4 axb3 27. axb3 Ra3 28. Rb2 Rfa8
29. fxg6 hxg6 30. Qf2 Rf8 31. Nh3 Be3 32. Qf3 Qa7 33. Ng2 Ra1 34. Rbb1 Rxb1 35.
Rxb1 Qa2 36. Qd1 Ra8 37. Qf1 Qc2 38. Bd5 Nxd5 39. cxd5 Bd7 40. g5 fxg5 41. Nxg5
Rf8 0-1

[Event "XVII Festival A"]
[Site "Cesenatico ITA"]
[Date "2013.08.31"]
[Round "1"]
[White "Lalic, Bogdan"]
[Black "Cocconcelli, Lorenzo"]
[WhiteElo "2484"]
[BlackElo "2040"]
[Result "1/2-1/2"]
[PlyCount "68"]
[EventDate "2013.08.31"]

1. c4 e5 2. g3 Nf6 3. Bg2 d5 4. cxd5 Nxd5 5. Nf3 Nc6 6. O-O Be7 7. d4 exd4 8.
Nxd4 Nxd4 9. Qxd4 Nf6 10. Qa4+ c6 11. Rd1 Qb6 12. Na3 O-O 13. Nc4 Qb4 14. Qxb4
Bxb4 15. Bd2 Bxd2 16. Rxd2 Be6 17. Na5 Rab8 18. e4 Rfc8 19. Rc1 Rc7 20. f4 g6
21. h3 h5 22. f5 gxf5 23. exf5 Rd7 24. Rxd7 Bxd7 25. Rd1 Kg7 26. g4 hxg4 27.
hxg4 Kh6 28. Bf3 Kg5 29. Kf2 c5 30. Nc4 Bc6 31. Ne5 Kf4 32. Nd3+ Kg5 33. Ne5
Kf4 34. Nd3+ Kg5 1/2-1/2

[Event "XVII Festival A"]
[Site "Cesenatico ITA"]
[Date "2013.08.31"]
[Round "1"]
[White "Naumkin, Igor"]
[Black "Meyer, Peter"]
[WhiteElo "2445"]
[BlackElo "2022"]
[Result "1-0"]
[PlyCount "69"]
[EventDate "2013.08.31"]

1. d4 Nf6 2. c4 e5 3. dxe5 Ng4 4. e4 Nxe5 5. f4 Nec6 6. Be3 Na6 7. Nc3 Bb4 8.
Nge2 Bc5 9. Qd2 d6 10. Ng3 O-O 11. Bd3 Ncb4 12. Bb1 Bxe3 13. Qxe3 Nc5 14. a3
Nc6 15. b4 Nd7 16. O-O Re8 17. Ba2 a5 18. b5 Ne7 19. f5 Nc5 20. f6 Ng6 21. Nh5
Re5 22. Nxg7 Bd7 23. Rae1 b6 24. Qg3 Ne6 25. Nf5 Nc5 26. Nh6+ Kf8 27. Bb1 Be6
28. Nd5 Nd7 29. h4 Rh5 30. Nf5 Nxf6 31. Nd4 Bxd5 32. exd5 Rxh4 33. Nc6 Nh5 34.
Nxd8 Nxg3 35. Rxf7+ 1-0

[Event "XVII Festival A"]
[Site "Cesenatico ITA"]
[Date "2013.08.31"]
[Round "1"]
[White "Petrone, Gianmario"]
[Black "Mrdja, Milan"]
[WhiteElo "2008"]
[BlackElo "2377"]
[Result "0-1"]
[PlyCount "62"]
[EventDate "2013.08.31"]

1. e4 Nf6 2. e5 Nd5 3. c4 Nb6 4. d4 d6 5. exd6 exd6 6. Bd3 Be7 7. Ne2 Nc6 8.
O-O Nb4 9. Nbc3 Nxd3 10. Qxd3 O-O 11. Be3 Re8 12. b3 c6 13. a4 d5 14. cxd5 Nxd5
15. Nxd5 Qxd5 16. Nf4 Qf5 17. Rfd1 g5 18. Qxf5 Bxf5 19. Nd3 Rad8 20. a5 Bxd3
21. Rxd3 a6 22. Rad1 Rd5 23. Bd2 Red8 24. Bc3 c5 25. R3d2 Bf6 26. f4 cxd4 27.
Ba1 gxf4 28. Kf2 Be5 29. Rd3 Rxa5 30. Kf3 f6 31. Ke4 Rad5 0-1

[Event "XVII Festival A"]
[Site "Cesenatico ITA"]
[Date "2013.08.31"]
[Round "1"]
[White "Roeder, Matthias"]
[Black "Giovanardi, Rino"]
[WhiteElo "2412"]
[BlackElo "2014"]
[Result "1-0"]
[PlyCount "87"]
[EventDate "2013.08.31"]

1. Nf3 Nf6 2. c4 g6 3. Nc3 Bg7 4. e4 d6 5. d4 O-O 6. h3 c6 7. Be3 Qc7 8. Nd2 e5
9. d5 Nbd7 10. Be2 Ne8 11. g4 Nb6 12. h4 cxd5 13. cxd5 f5 14. f3 Nf6 15. Rc1
Qd8 16. Nb5 Ne8 17. g5 Bd7 18. a4 Nxa4 19. Qxa4 a6 20. Qb4 axb5 21. Bxb5 f4 22.
Bf2 Rf7 23. Nc4 Bf8 24. Nb6 Bxb5 25. Nxa8 Ba6 26. Nb6 h6 27. Rc8 Qe7 28. gxh6
Kh7 29. Kd2 Nf6 30. Rhc1 Ne8 31. Qa4 Nf6 32. b4 Nxe4+ 33. fxe4 Bxh6 34. b5 f3+
35. Kd3 Bxc1 36. Rxc1 g5 37. bxa6 bxa6 38. Rc8 gxh4 39. Qe8 Qxe8 40. Rxe8 h3
41. Rc8 Kg6 42. Rh8 Rh7 43. Rxh7 Kxh7 44. Bg3 1-0

[Event "XVII Festival A"]
[Site "Cesenatico ITA"]
[Date "2013.08.31"]
[Round "1"]
[White "Schacher, Gerd"]
[Black "Rizzardi, Franco"]
[WhiteElo "2347"]
[BlackElo "2006"]
[Result "1-0"]
[PlyCount "53"]
[EventDate "2013.08.31"]

1. c4 e5 2. Nc3 Nf6 3. Nf3 Nc6 4. g3 d5 5. cxd5 Nxd5 6. Bg2 Nb6 7. O-O Be7 8.
a3 O-O 9. b4 Be6 10. d3 a5 11. b5 Nd4 12. Nd2 Nd5 13. Bxd5 Bxd5 14. e3 Nxb5 15.
Nxb5 Bc6 16. a4 Qxd3 17. Qb3 Bxb5 18. Qxb5 Qxb5 19. axb5 Rfd8 20. Nc4 Rd5 21.
Ba3 Kf8 22. Rfc1 Bxa3 23. Nxa3 Rc8 24. b6 c6 25. e4 Rdd8 26. Nc4 f6 27. Rxa5
1-0

[Event "XVII Festival A"]
[Site "Cesenatico ITA"]
[Date "2013.08.31"]
[Round "1"]
[White "Singeisen, Hermann"]
[Black "Dittmar, Peter"]
[WhiteElo "1999"]
[BlackElo "2344"]
[Result "0-1"]
[PlyCount "48"]
[EventDate "2013.08.31"]

1. c4 e6 2. Nc3 d5 3. e3 Nf6 4. Nf3 Be7 5. d4 O-O 6. Bd3 dxc4 7. Bxc4 c5 8. O-O
a6 9. a4 Nc6 10. b3 cxd4 11. exd4 Nb4 12. Bb2 b6 13. Qe2 Bb7 14. Rfd1 Nbd5 15.
Nxd5 Nxd5 16. Rac1 Bd6 17. Bxd5 Bxd5 18. Rd3 Rc8 19. Rdc3 Rxc3 20. Rxc3 Qa8 21.
Ne1 a5 22. Qf1 Bb4 23. Rg3 Rc8 24. Nd3 Bd6 0-1

[Event "XVII Festival A"]
[Site "Cesenatico ITA"]
[Date "2013.08.31"]
[Round "1"]
[White "Tomasi, Diego"]
[Black "De Santis, Alessio"]
[WhiteElo "1986"]
[BlackElo "2289"]
[Result "0-1"]
[PlyCount "78"]
[EventDate "2013.08.31"]

1. e4 b6 2. d4 Bb7 3. Bd3 Nf6 4. Qe2 Nc6 5. c3 e5 6. Nf3 Bd6 7. O-O O-O 8. Na3
Re8 9. d5 Ne7 10. Qc2 Nexd5 11. exd5 e4 12. Bxe4 Nxe4 13. c4 c6 14. dxc6 Bxc6
15. Nb5 Bc5 16. Nbd4 Bb7 17. Be3 Qf6 18. Rfd1 h6 19. a3 Nd6 20. Ne1 Bxd4 21.
Rxd4 Nf5 22. Rxd7 Bc6 23. Rd2 Nxe3 24. fxe3 Rxe3 25. Rf2 Qe7 26. Nf3 Bxf3 27.
gxf3 Re8 28. Raf1 Qc5 29. b4 Qd4 30. Rd1 Qf4 31. Rdf1 Rxa3 32. Qb2 Qe3 33. Kh1
Rb3 34. Qa2 Rxb4 35. Qxa7 Rxc4 36. Rg2 Rc1 37. Rxc1 Qxc1+ 38. Rg1 Qe3 39. Qb7
Re6 0-1

[Event "XVII Festival A"]
[Site "Cesenatico ITA"]
[Date "2013.08.31"]
[Round "1"]
[White "Zimina, Olga"]
[Black "Rivola, Franco"]
[WhiteElo "2337"]
[BlackElo "1993"]
[Result "1-0"]
[PlyCount "81"]
[EventDate "2013.08.31"]

1. Nf3 b6 2. e4 Bb7 3. Nc3 e6 4. d4 d6 5. Bd3 g6 6. Bg5 Ne7 7. h4 h6 8. Be3 Bg7
9. Qd2 Nd7 10. Ne2 Nf6 11. Ng3 Ng4 12. c3 a6 13. h5 Nxe3 14. Qxe3 g5 15. O-O
Qd7 16. a4 c5 17. Rfd1 O-O 18. Bc2 Qc7 19. d5 e5 20. Nh2 Bc8 21. Qf3 Bd7 22.
Rdc1 b5 23. Ng4 Bxg4 24. Qxg4 Qc8 25. Qe2 Qd7 26. b3 Rfc8 27. Bd3 c4 28. bxc4
bxa4 29. Qc2 Rc5 30. Rxa4 Nc8 31. Rb1 Bf6 32. Nf5 Kh7 33. Nd4 Bd8 34. Nc6 Bc7
35. Qb3 Ne7 36. Qb7 Nxc6 37. Qxa8 Nb8 38. Rab4 Qg4 39. Rb7 Qxh5 40. Qa7 Nd7 41.
Rxc7 1-0

[Event "XVII Festival A"]
[Site "Cesenatico ITA"]
[Date "2013.09.01"]
[Round "2"]
[White "Barlocco, Carlo"]
[Black "Lucaroni, Massimiliano"]
[WhiteElo "2093"]
[BlackElo "2283"]
[Result "0-1"]
[PlyCount "52"]
[EventDate "2013.08.31"]

1. d4 d5 2. Nf3 c5 3. e3 Nf6 4. c4 e6 5. Nc3 Nc6 6. cxd5 exd5 7. Bb5 Bd6 8. O-O
O-O 9. dxc5 Bxc5 10. b3 Bg4 11. Bb2 a6 12. Be2 Ba7 13. Rc1 Qd6 14. h3 Bh5 15.
Nd4 Bxd4 16. Bxh5 Be5 17. Bf3 Rad8 18. Rc2 d4 19. Rd2 dxc3 20. Rxd6 Rxd6 21.
Qb1 cxb2 22. Bxc6 Rxc6 23. f4 Bc3 24. Rd1 Rfc8 25. Kf2 Bb4 26. Qd3 Rc1 0-1

[Event "XVII Festival A"]
[Site "Cesenatico ITA"]
[Date "2013.09.01"]
[Round "2"]
[White "Cebalo, Miso"]
[Black "Sprotte, Norbert"]
[WhiteElo "2440"]
[BlackElo "2161"]
[Result "1-0"]
[PlyCount "55"]
[EventDate "2013.08.31"]

1. c4 Nf6 2. g3 c6 3. Nf3 d5 4. b3 Bf5 5. Bb2 e6 6. Bg2 Be7 7. O-O O-O 8. d3 h6
9. Re1 a5 10. Nbd2 Na6 11. e4 Bh7 12. Ne5 dxe4 13. Nxe4 Nxe4 14. Bxe4 Bxe4 15.
Rxe4 Nc5 16. Re3 Bf6 17. Rb1 Qc7 18. Qe2 Rfd8 19. d4 Nd7 20. Ng4 Bg5 21. f4 Be7
22. Rf1 Nf6 23. f5 Nxg4 24. Qxg4 Bg5 25. Re4 exf5 26. Rxf5 Qd7 27. d5 Re8 28.
Rxg5 1-0

[Event "XVII Festival A"]
[Site "Cesenatico ITA"]
[Date "2013.09.01"]
[Round "2"]
[White "De Santis, Alessio"]
[Black "Vincenzi, Marco"]
[WhiteElo "2289"]
[BlackElo "2093"]
[Result "1/2-1/2"]
[PlyCount "60"]
[EventDate "2013.08.31"]

1. d4 Nf6 2. c4 g6 3. f3 Bg7 4. e4 d6 5. Nc3 O-O 6. Bg5 c5 7. d5 Na6 8. Qd2 Nc7
9. h4 e6 10. h5 exd5 11. exd5 Qe8+ 12. Nge2 b5 13. Qf4 Nxh5 14. Qh4 h6 15. Be7
bxc4 16. O-O-O Rb8 17. g4 g5 18. Bxg5 hxg5 19. Qxh5 Qe3+ 20. Rd2 Re8 21. Nd1
Qxf3 22. Nec3 Bxg4 23. Qh7+ Kf8 24. Be2 Rxe2 25. Nxe2 Bf5 26. Qh2 Nb5 27. a4
Be5 28. Qh6+ Bg7 29. Qh2 Be5 30. Qh6+ Bg7 1/2-1/2

[Event "XVII Festival A"]
[Site "Cesenatico ITA"]
[Date "2013.09.01"]
[Round "2"]
[White "Di Trapani, Davide"]
[Black "Schacher, Gerd"]
[WhiteElo "2130"]
[BlackElo "2347"]
[Result "1-0"]
[PlyCount "73"]
[EventDate "2013.08.31"]

1. e4 c5 2. Nf3 d6 3. d4 cxd4 4. Nxd4 Nf6 5. Nc3 a6 6. Be3 e5 7. Nb3 Be7 8. h3
O-O 9. Qf3 b5 10. O-O-O Be6 11. g4 b4 12. Nd5 Bxd5 13. exd5 a5 14. Nc5 a4 15.
g5 Ne8 16. Ne4 b3 17. a3 bxc2 18. Rd2 Nc7 19. h4 Nd7 20. h5 f5 21. gxf6 Nxf6
22. Nxf6+ Bxf6 23. Qe4 Bg5 24. Bd3 h6 25. Qh7+ Kf7 26. Bg6+ Kf6 27. f4 Bxf4 28.
Bxf4 exf4 29. Rf1 Qe7 30. Bd3 Qe3 31. Kxc2 Qc5+ 32. Kb1 Nxd5 33. Be4 Nc3+ 34.
bxc3 Qb5+ 35. Kc2 Qxf1 36. Qg6+ Ke7 37. Qxd6+ 1-0

[Event "XVII Festival A"]
[Site "Cesenatico ITA"]
[Date "2013.09.01"]
[Round "2"]
[White "Dittmar, Peter"]
[Black "Bartolozzi, Roberto"]
[WhiteElo "2344"]
[BlackElo "2102"]
[Result "1-0"]
[PlyCount "85"]
[EventDate "2013.08.31"]

1. e4 e6 2. d4 d5 3. Nd2 Nf6 4. Bd3 c5 5. exd5 exd5 6. Ngf3 Bd6 7. dxc5 Bxc5 8.
O-O O-O 9. Nb3 Bb6 10. c3 Nc6 11. Re1 Qd6 12. Be3 Bxe3 13. Rxe3 Bg4 14. h3 Bh5
15. Qd2 Rfe8 16. Rae1 Rxe3 17. Rxe3 Re8 18. Rxe8+ Nxe8 19. Nfd4 Bg6 20. Nxc6
Qxc6 21. Bxg6 hxg6 22. Qd4 b6 23. Qf4 Qe6 24. Nd4 Qe1+ 25. Kh2 Nf6 26. Qb8+ Qe8
27. Nc6 Qxb8+ 28. Nxb8 Ne8 29. Nc6 f6 30. Nxa7 Kf7 31. Nb5 Ke6 32. Kg3 Ke5 33.
Kf3 f5 34. Ke3 Nf6 35. f4+ Ke6 36. a4 Ne4 37. b4 Kd7 38. Kd4 Kc6 39. Ke5 Nf6
40. Nd4+ Kd7 41. Nf3 Ne4 42. Kd4 Kd6 43. Ne5 1-0

[Event "XVII Festival A"]
[Site "Cesenatico ITA"]
[Date "2013.09.01"]
[Round "2"]
[White "Kljako, Damir"]
[Black "Naumkin, Igor"]
[WhiteElo "2177"]
[BlackElo "2445"]
[Result "0-1"]
[PlyCount "66"]
[EventDate "2013.08.31"]

1. d4 Nf6 2. Nf3 e6 3. c3 b6 4. Bg5 Bb7 5. Nbd2 Be7 6. h3 c5 7. e3 O-O 8. Be2
d6 9. O-O Nbd7 10. Bf4 cxd4 11. cxd4 Nd5 12. Bh2 f5 13. Qb3 a6 14. a4 N7f6 15.
Rfc1 Qd7 16. Nc4 Rab8 17. Nfd2 g5 18. Bd3 b5 19. axb5 axb5 20. Na5 Ba8 21. e4
fxe4 22. Nxe4 g4 23. Nxf6+ Bxf6 24. Qd1 gxh3 25. Nb3 Qg7 26. g3 Bg5 27. Qg4
Bxc1 28. Qxe6+ Kh8 29. Rxc1 Nf4 30. Qe3 Rbe8 31. Qd2 Qb7 32. d5 Qxd5 33. Qc3+
Re5 0-1

[Event "XVII Festival A"]
[Site "Cesenatico ITA"]
[Date "2013.09.01"]
[Round "2"]
[White "Lucchi, Lorenzo"]
[Black "Zimina, Olga"]
[WhiteElo "2112"]
[BlackElo "2337"]
[Result "1/2-1/2"]
[PlyCount "233"]
[EventDate "2013.08.31"]

1. d4 d5 2. c4 e6 3. Nc3 Nf6 4. cxd5 exd5 5. Bg5 c6 6. e3 Be7 7. Qc2 O-O 8. Bd3
h6 9. Bh4 Re8 10. Nge2 Ne4 11. Bxe7 Qxe7 12. Bxe4 dxe4 13. Ng3 f5 14. O-O Na6
15. a3 Nc7 16. f3 f4 17. exf4 e3 18. f5 Qf7 19. Nce4 Bxf5 20. Nxf5 Qxf5 21.
Qb3+ Qd5 22. Qxe3 Rad8 23. Rad1 Nb5 24. Rd2 Nd6 25. Rdf2 Nxe4 26. fxe4 Rxe4 27.
Qg3 Rxd4 28. Rf7 Qxf7 29. Rxf7 Kxf7 30. Qb3+ Kg6 31. Qxb7 Rd1+ 32. Kf2 R1d2+
33. Ke3 R2d3+ 34. Kf2 R8d6 35. Qxa7 Rb3 36. Qe7 Rf6+ 37. Kg1 Rxb2 38. Qe4+ Kf7
39. a4 Re6 40. Qf5+ Ke7 41. Qc5+ Kf7 42. Qf5+ Rf6 43. Qd7+ Kg8 44. h3 Rb8 45.
a5 Ra8 46. a6 Rf7 47. Qe6 c5 48. Kh2 Raa7 49. Qc8+ Rf8 50. Qxc5 Rfa8 51. Qd5+
Kh8 52. h4 Rxa6 53. g3 Ra5 54. Qe4 Ra4 55. Qc6 Ra2+ 56. Kh3 Rf8 57. Qe6 Ra4 58.
Qe7 Rb8 59. Qe5 Rab4 60. Qd6 Rb3 61. Qe6 R3b5 62. Qe2 Rc5 63. Qe7 Rc6 64. Qe5
Rf8 65. Qe7 Rcf6 66. Qe4 Rf1 67. Qe5 Rh1+ 68. Kg2 Rc1 69. Qe7 Rc2+ 70. Kh3 Rcf2
71. Qe5 R2f5 72. Qe7 h5 73. Qe2 R8f6 74. Qe8+ Kh7 75. Qe4 Kg8 76. Qe8+ Rf8 77.
Qe6+ Kh8 78. Qe2 Rf3 79. Kg2 R3f5 80. Kh3 Kh7 81. Qe4 Kh6 82. Qe3+ Kg6 83. Qe4
Kh7 84. Qe2 g6 85. Qe7+ R8f7 86. Qe4 Rf2 87. Qe6 Rb7 88. Qe4 Rd7 89. Qe3 Rdd2
90. Qe7+ Kg8 91. Qe8+ Kg7 92. Qe7+ Rf7 93. Qe5+ Kh7 94. Qe3 Rdd7 95. Qe6 Rde7
96. Qb3 Rf2 97. Qd5 Ree2 98. Qh1 Rb2 99. Qg1 Kg7 100. Qh1 Rfd2 101. Qg1 Kf6
102. Qh1 Ke5 103. Qg1 Ke4 104. Qh1+ Kd4 105. Qg1+ Rf2 106. Qh1 Ra2 107. Qg1
Rac2 108. Qh1 Kc3 109. Qc6+ Kb2 110. Qb7+ Ka1 111. Qa8+ Kb1 112. Qb7+ Kc1 113.
Qh1+ Kd2 114. Qd5+ Ke1 115. Qh1+ Ke2 116. Qe4+ Kd2 117. Qd5+ 1/2-1/2

[Event "XVII Festival A"]
[Site "Cesenatico ITA"]
[Date "2013.09.01"]
[Round "2"]
[White "Messina, Roberta"]
[Black "Albano, Marco"]
[WhiteElo "2097"]
[BlackElo "2288"]
[Result "0-1"]
[PlyCount "88"]
[EventDate "2013.08.31"]

1. Nf3 c5 2. c4 g6 3. g3 Bg7 4. Bg2 Nh6 5. Nc3 O-O 6. d3 Nc6 7. O-O d6 8. Rb1
f5 9. Nd5 e6 10. Bg5 Qd7 11. Qd2 Ng4 12. h3 Nge5 13. Nxe5 dxe5 14. Nc3 f4 15.
gxf4 h6 16. Bxc6 Qxc6 17. fxe5 hxg5 18. Qxg5 Qe8 19. f4 Rf5 20. Qg4 Kh7 21. Ne4
Qe7 22. Ng5+ Kg8 23. Nf3 Rh5 24. Qxg6 Rxh3 25. Kg2 Rh6 26. Qg4 Qe8 27. Rh1 Qg6
28. Ng5 Bd7 29. e4 Kf8 30. Rxh6 Bxh6 31. Rh1 Ke7 32. Qh5 Qxh5 33. Rxh5 Bxg5 34.
Rh7+ Kd8 35. Rh8+ Kc7 36. Rxa8 Bxf4 37. Rxa7 Kb8 38. Ra5 b6 39. Ra3 Bxe5 40.
Kf3 Kb7 41. Rb3 Ba4 42. Ra3 Bd1+ 43. Ke3 Bxb2 44. Rb3 Bc1+ 0-1

[Event "XVII Festival A"]
[Site "Cesenatico ITA"]
[Date "2013.09.01"]
[Round "2"]
[White "Schaefer, Michael"]
[Black "Roeder, Matthias"]
[WhiteElo "2151"]
[BlackElo "2412"]
[Result "0-1"]
[PlyCount "42"]
[EventDate "2013.08.31"]

1. d4 Nf6 2. c4 g6 3. Nc3 Bg7 4. Bf4 O-O 5. e3 c5 6. d5 d6 7. Be2 Qa5 8. Qd2 b5
9. cxb5 a6 10. bxa6 Nxa6 11. Nf3 Nc7 12. O-O Bf5 13. Bg5 Rfb8 14. Bxf6 Bxf6 15.
Rac1 Qb4 16. b3 Bxc3 17. Rxc3 Nxd5 18. Qxd5 Qxc3 19. Ng5 Qf6 20. f4 h6 21. Nf3
Rxa2 0-1

[Event "XVII Festival A"]
[Site "Cesenatico ITA"]
[Date "2013.09.02"]
[Round "3"]
[White "Albano, Marco"]
[Black "Di Trapani, Davide"]
[WhiteElo "2288"]
[BlackElo "2130"]
[Result "1-0"]
[PlyCount "119"]
[EventDate "2013.08.31"]

1. e4 e5 2. Nf3 Nc6 3. Bc4 Bc5 4. d3 Nf6 5. c3 O-O 6. b4 Bb6 7. a4 a6 8. Qb3 d6
9. Bg5 Qe7 10. Nbd2 Nd8 11. O-O Ne6 12. Be3 Ba7 13. Bxa7 Rxa7 14. d4 Nf4 15.
Rfe1 Ra8 16. Bf1 h5 17. dxe5 dxe5 18. Nc4 Ng6 19. Ne3 c6 20. Nf5 Qc7 21. Qc2
Nf4 22. g3 Ng6 23. Rad1 Ne7 24. Bh3 g6 25. Qc1 Ng4 26. Bxg4 hxg4 27. Qh6 Nxf5
28. exf5 Bxf5 29. Nxe5 Rae8 30. Nc4 Bc2 31. Rc1 Rxe1+ 32. Rxe1 Bxa4 33. Re4 Qd7
34. Ne3 f5 35. Qxg6+ Qg7 36. Qxg7+ Kxg7 37. Re7+ Rf7 38. Nxf5+ Kf6 39. Rxf7+
Kxf7 40. Ne3 b6 41. Kf1 Ke6 42. Ke2 Bb3 43. Kd3 a5 44. bxa5 bxa5 45. c4 a4 46.
Kc3 c5 47. Nxg4 Bd1 48. Ne3 Bf3 49. Kb2 Ke5 50. h4 Bc6 51. h5 Bf3 52. g4 Kf6
53. Ka3 Bc6 54. f4 Kg7 55. g5 Be8 56. Nf5+ Kh7 57. Ng3 Kg7 58. h6+ Kh8 59. Ne4
Bf7 60. Nd6 1-0

[Event "XVII Festival A"]
[Site "Cesenatico ITA"]
[Date "2013.09.02"]
[Round "3"]
[White "Calavalle, Giulio"]
[Black "Dittmar, Peter"]
[WhiteElo "2205"]
[BlackElo "2344"]
[Result "1/2-1/2"]
[PlyCount "120"]
[EventDate "2013.08.31"]

1. e4 c6 2. Nc3 d5 3. d3 e5 4. f4 exf4 5. Bxf4 Ne7 6. Nf3 Ng6 7. Bg3 Bd6 8. e5
Bb4 9. a3 Ba5 10. b4 Bc7 11. d4 Bg4 12. Bd3 f6 13. h3 Bh5 14. Bh2 Bxf3 15. Qxf3
O-O 16. Bxg6 hxg6 17. O-O fxe5 18. Qg4 Nd7 19. dxe5 Qe7 20. Qxg6 Bxe5 21. Bxe5
Qxe5 22. Qd3 Rae8 23. Rad1 Rxf1+ 24. Rxf1 Qe3+ 25. Qxe3 Rxe3 26. Rf3 Rxf3 27.
gxf3 Ne5 28. Kf2 Nc4 29. a4 Na3 30. b5 Nxc2 31. a5 a6 32. bxa6 bxa6 33. Na4 Na3
34. Nc5 Nc4 35. Nxa6 Nxa5 36. Ke3 Kf7 37. Kd4 Ke6 38. Nc5+ Kd6 39. f4 g6 40. h4
Nc4 41. Nb7+ Kd7 42. Nc5+ Ke7 43. Nd3 Kd6 44. f5 gxf5 45. h5 Ne5 46. h6 Nf7 47.
h7 Nh8 48. Nc5 f4 49. Nd3 f3 50. Ke3 c5 51. Kxf3 c4 52. Ne1 Ke5 53. Ke2 Ke4 54.
Nf3 d4 55. Nd2+ Kd5 56. Nf3 Ng6 57. Kd2 Ke4 58. Ng5+ Kf4 59. Ne6+ Ke5 60. Ng5
Nh8 1/2-1/2

[Event "XVII Festival A"]
[Site "Cesenatico ITA"]
[Date "2013.09.02"]
[Round "3"]
[White "Drei, Andrea"]
[Black "Mrdja, Milan"]
[WhiteElo "2257"]
[BlackElo "2377"]
[Result "0-1"]
[PlyCount "40"]
[EventDate "2013.08.31"]

1. e4 d6 2. Nc3 e5 3. f4 exf4 4. Be2 Qh4+ 5. Kf1 Ne7 6. d4 Nbc6 7. Nf3 Qh6 8.
Nb5 Kd8 9. d5 Nb8 10. h4 a6 11. Ng5 Qf6 12. e5 dxe5 13. d6 axb5 14. dxe7+ Kxe7
15. Bd2 Nc6 16. Bxb5 Bf5 17. Qe1 Nd4 18. Bxf4 Bd7 19. Kg1 Qxf4 20. Bxd7 Kxd7
0-1

[Event "XVII Festival A"]
[Site "Cesenatico ITA"]
[Date "2013.09.02"]
[Round "3"]
[White "Gori, Andrea"]
[Black "De Santis, Alessio"]
[WhiteElo "2076"]
[BlackElo "2289"]
[Result "0-1"]
[PlyCount "100"]
[EventDate "2013.08.31"]

1. e4 b6 2. d4 Bb7 3. Bd3 Nc6 4. c3 e5 5. d5 Nce7 6. Nf3 Ng6 7. h4 h5 8. g3 Nf6
9. Ng5 Bc5 10. Qf3 Qe7 11. Nd2 c6 12. c4 Ng4 13. Nh3 Qf6 14. Qe2 Qd6 15. Nf3
Bb4+ 16. Kf1 a5 17. Kg2 Ne7 18. Nh2 Nxh2 19. Kxh2 Bc5 20. Re1 f6 21. Be3 Bxe3
22. Qxe3 Qc5 23. Qe2 d6 24. Rac1 Bc8 25. f4 Bg4 26. Qf2 Bxh3 27. Qxc5 bxc5 28.
Kxh3 Rb8 29. Re2 cxd5 30. cxd5 Rb4 31. Rc4 Kf7 32. Rxb4 cxb4 33. fxe5 fxe5 34.
Rf2+ Kg6 35. Bb5 Rc8 36. g4 hxg4+ 37. Kxg4 Ng8 38. Rg2 Nf6+ 39. Kf3+ Kf7 40.
Ba6 Rh8 41. h5 Rxh5 42. Bc8 Rh4 43. Be6+ Kf8 44. Rc2 Rf4+ 45. Ke3 Rxe4+ 46. Kf3
Rf4+ 47. Ke3 g5 48. Rc6 Re4+ 49. Kf2 Rd4 50. Rxd6 Ne4+ 0-1

[Event "XVII Festival A"]
[Site "Cesenatico ITA"]
[Date "2013.09.02"]
[Round "3"]
[White "Lalic, Bogdan"]
[Black "Mauro, Alan"]
[WhiteElo "2484"]
[BlackElo "2145"]
[Result "1-0"]
[PlyCount "75"]
[EventDate "2013.08.31"]

1. d4 Nf6 2. c4 g6 3. g3 Bg7 4. Bg2 O-O 5. Nf3 d6 6. O-O Nc6 7. Nc3 a6 8. h3
Rb8 9. e4 e5 10. d5 Na5 11. Qd3 b5 12. cxb5 axb5 13. b4 Nc4 14. a4 Bd7 15. Nxb5
Bxb5 16. axb5 Nb6 17. Nd2 Qd7 18. Nb3 Nh5 19. Qe2 f5 20. exf5 Qxf5 21. Ra7 Qf7
22. Na5 Kh8 23. Nc4 Nxd5 24. Nxd6 Qe6 25. Ne4 Qb6 26. Ra6 Qxb5 27. Qxb5 Rxb5
28. Ra5 c6 29. Bd2 Rbb8 30. Rb1 Rfd8 31. Ra7 h6 32. Nc5 Re8 33. Nd7 Rbd8 34. b5
e4 35. bxc6 Nxg3 36. c7 Rc8 37. Rb8 Kh7 38. Raa8 1-0

[Event "XVII Festival A"]
[Site "Cesenatico ITA"]
[Date "2013.09.02"]
[Round "3"]
[White "Lucaroni, Massimiliano"]
[Black "Cebalo, Miso"]
[WhiteElo "2283"]
[BlackElo "2440"]
[Result "1/2-1/2"]
[PlyCount "68"]
[EventDate "2013.08.31"]

1. e4 c5 2. Nf3 d6 3. d4 cxd4 4. Nxd4 Nf6 5. Nc3 g6 6. Be3 Bg7 7. f3 a6 8. Qd2
Nbd7 9. O-O-O b5 10. g4 Bb7 11. h4 h5 12. g5 Nh7 13. f4 Nc5 14. f5 O-O 15. fxg6
fxg6 16. Bh3 Kh8 17. b4 Nxe4 18. Nxe4 Bxe4 19. Ne6 Qe8 20. Bd4 Be5 21. Bxe5+
dxe5 22. Qc3 Bxh1 23. Qxe5+ Nf6 24. Nxf8 Qxf8 25. Rxh1 Qg7 26. gxf6 exf6 27.
Qd4 Re8 28. Rf1 f5 29. Qxg7+ Kxg7 30. Rf4 Kf6 31. Kd2 Rd8+ 32. Ke2 Ke5 33. Ke3
Rd1 34. c3 Rc1 1/2-1/2

[Event "XVII Festival A"]
[Site "Cesenatico ITA"]
[Date "2013.09.02"]
[Round "3"]
[White "Naumkin, Igor"]
[Black "Brancaleoni, Maurizio"]
[WhiteElo "2445"]
[BlackElo "2248"]
[Result "1/2-1/2"]
[PlyCount "117"]
[EventDate "2013.08.31"]

1. d4 Nf6 2. c4 e6 3. Nf3 d5 4. Nc3 Be7 5. cxd5 exd5 6. Bg5 c6 7. Qc2 g6 8.
Bxf6 Bxf6 9. e3 Bf5 10. Bd3 Bxd3 11. Qxd3 Nd7 12. O-O Be7 13. Rad1 O-O 14. Ne5
Nxe5 15. dxe5 Qc7 16. e4 d4 17. Qxd4 Rfd8 18. Qc4 Qxe5 19. Qb3 b5 20. f4 Qc5+
21. Kh1 Rxd1 22. Qxd1 Rd8 23. Qe2 Qd6 24. e5 Qd3 25. Rd1 Qxe2 26. Rxd8+ Bxd8
27. Nxe2 Bb6 28. g4 Kg7 29. Kg2 f6 30. Kf3 fxe5 31. fxe5 Kf7 32. Ke4 Ke6 33.
Nf4+ Kf7 34. h4 Bf2 35. h5 a5 36. b3 Bc5 37. a4 Bf8 38. Ne2 bxa4 39. bxa4 Ke6
40. Nd4+ Kd7 41. Nf3 Be7 42. Ne1 Ke6 43. Nd3 Bf8 44. Nf4+ Kf7 45. Nh3 Be7 46.
Ng1 Ke6 47. Nf3 Kd7 48. hxg6 hxg6 49. e6+ Kxe6 50. Ne5 Kd6 51. Nxg6 Bf6 52. Kf5
Bd8 53. Nf4 Be7 54. Ke4 Kc5 55. Nd3+ Kc4 56. Ne5+ Kc5 57. Nd3+ Kc4 58. Ne5+ Kc5
59. Kd3 1/2-1/2

[Event "XVII Festival A"]
[Site "Cesenatico ITA"]
[Date "2013.09.02"]
[Round "3"]
[White "Zimina, Olga"]
[Black "Vincenzi, Marco"]
[WhiteElo "2337"]
[BlackElo "2093"]
[Result "1-0"]
[PlyCount "75"]
[EventDate "2013.08.31"]

1. Nf3 c5 2. c4 Nf6 3. Nc3 d5 4. cxd5 Nxd5 5. e4 Nxc3 6. bxc3 g6 7. Bc4 Bg7 8.
O-O O-O 9. h3 Nc6 10. Bb2 Na5 11. Be2 c4 12. Nd4 e5 13. Nc2 Qg5 14. Kh1 Qh4 15.
d3 cxd3 16. Qxd3 Rd8 17. Qf3 Rd2 18. Rac1 Be6 19. Ba3 Bh6 20. Ne3 Bxe3 21. Qxe3
Rad8 22. Qf3 b6 23. Rcd1 Bxa2 24. Bc1 Rxd1 25. Rxd1 Rxd1+ 26. Bxd1 Bb1 27. g4
h5 28. Kg1 hxg4 29. hxg4 Nc4 30. Bb3 Nd6 31. Bd5 Qh7 32. Bg5 Ne8 33. Qd1 Qh3
34. Bxf7+ Kh8 35. Bxe8 Bxe4 36. Bf6+ Kh7 37. Qd7+ Kh6 38. Qg7# 1-0